| 000 | 00424nam a2200157 i 4500 | ||
|---|---|---|---|
| 001 | 134604 | ||
| 003 | ES-MaACL | ||
| 005 | 20230906194717.0 | ||
| 007 | t| | ||
| 008 | 070912s1912 xxk ||||1| eng d | ||
| 100 | 1 |
_aWedmore, Frederick. _9116290 |
|
| 245 | 1 | 0 |
_aPainters and painting / _cFrederick Wedmore. |
| 260 |
_aLondon : _bWilliams and Norgate, _c[1912] |
||
| 300 |
_a256 p. ; _c17 cm. |
||
| 852 |
_aES-MaACL _jC-2719 |
||
| 999 |
_c134604 _d134604 |
||